| 000 | 00360 a2200109 4500 | ||
|---|---|---|---|
| 001 | ART_37922 | ||
| 005 | 20260410161738.0 | ||
| 008 | 260409a | ||
| 245 | 1 | 0 | _ael despido discriminatorio por opinión gremial y la tutela de los derechos fundamentales |
| 100 | 1 | _aDuarte, David | |
| 773 | 0 |
_tDoctrina laboral _g- Nº 368 (abr. 2016) _wREV4049 |
|
| 999 |
_c18456 _d18456 |
||